000 00782nam a2200241 4500
001 17096
003 HDC
007 cr bn ---aaaaa
008 210222c mydr|noo 0 a may d
040 _aHDC
245 0 _aPeniaga pasar tani catat jualan lebih RM16 juta tahun lalu
260 _aMalaysia:
_bBerita Harian,
_c2003
336 _atext
_2rdacontent
337 _acomputer
_2rdamedia
338 _aonline resource
_2rdacarrier
650 _aagriculture industry
_92340
650 _ahalal issues
_91644
710 _aBerita Harian
856 _zRequest full-text at [email protected]
942 _2lcc
942 _cNEWS
942 _kNSWO 008544
999 _c14412
_d14412